Highest Selling Bealtes Singles - Statistics

General Stats
  • This quiz has been taken 42 times
  • The average score is 7 of 25
Answer Stats
Hint Year Released Answer % Correct
2 1963 I Want To Hold Your Hand
79%
1 1963 She Loves You
76%
6 1968 Hey Jude
67%
20 1970 Let It Be
55%
7 1965 Help
52%
3 1964 Cant Buy Me Love
36%
24 1965 Yesterday
36%
10 1969 Get Back
33%
19 1962 Love Me Do
30%
9 1967 Hello Goodbye
27%
21 1963 Please Please Me
27%
16 1965 Ticket To Ride
27%
11 1967 All You Need Is Love
24%
4 1964 I Feel Fine
21%
17 1964 A Hard Days Night
18%
5 1965 Day Tripper/We Can Work It Out
18%
25 1969 Here Comes the Sun
18%
13 1966 Paperback Writer
18%
8 1963 From Me To You
15%
18 1968 Lady Madonna
15%
14 1967 Magical Mystery Tour
6%
23 1969 Ballad Of John and Yoko
3%
12 1966 Yellow Submarine/Elanor Rigby
3%
15 1967 Penny Lane/Strawberry Fields Forever
0%
22 1969 Something/Come Together
0%
No matching quizzes found
Score Distribution
Percent of People with Each Score
Percentile by Number Answered
Your Score History
You have not taken this quiz